Area Estates Limited v Weir (Record no. 83150)
[ view plain ]
| 000 -LEADER | |
|---|---|
| fixed length control field | 01215cad a22001935a 4500 |
| 001 - CONTROL NUMBER | |
| control field | L152964 |
| 008 - FIXED-LENGTH DATA ELEMENTS--GENERAL INFORMATION | |
| fixed length control field | 110518e20100720xxk 000 0 eng d |
| 035 ## - SYSTEM CONTROL NUMBER | |
| System control number | (Sirsi) u152964 |
| 041 0# - LANGUAGE CODE | |
| Language code of text/sound track or separate title | eng |
| 245 00 - TITLE STATEMENT | |
| Title | Area Estates Limited v Weir |
| 260 ## - PUBLICATION, DISTRIBUTION, ETC. | |
| Date of publication, distribution, etc. | 2010 |
| 520 ## - SUMMARY, ETC. | |
| Summary, etc. | [2010] EWCA Civ 801, 20 July 2010. Where a seller should have known about a title defect, albeit not clearly disclosed by the sales contract, the seller is unlikely to be helped by contractual wording intended to prevent objections by the buyer. Respondent (W) signed a contract to buy a freehold property with an unexpired lease from Appellant seller (A). W brought a successful claim against A in the HC to rescind the contract because of the burden of the unexpired lease and to recover its paid deposit with interest. A appealed. "Held": CA found for W. A should have checked the title more thoroughly. W could rescind and got its deposit back. |
| 590 ## - LOCAL NOTE (RLIN) | |
| Local note | KA |
| 650 24 - SUBJECT ADDED ENTRY--TOPICAL TERM | |
| Topical term or geographic name entry element | AREA ESTATES LTD V WEIR |
| 651 #4 - SUBJECT ADDED ENTRY--GEOGRAPHIC NAME | |
| Geographic name | England and Wales |
| Chronological subdivision | 1543- |
| 690 ## - LOCAL SUBJECT ADDED ENTRY--TOPICAL TERM (OCLC, RLIN) | |
| Topical term or geographic name as entry element | PROPERTY-ACQUISITION AND DISPOSAL OF PROPERTY |
| 856 40 - ELECTRONIC LOCATION AND ACCESS | |
| Uniform Resource Identifier | <a href="https://www.bailii.org/ew/cases/EWCA/Civ/2010/801.html">https://www.bailii.org/ew/cases/EWCA/Civ/2010/801.html</a> |
| Public note | View the law report free of charge at www.bailii.org |
| 942 ## - ADDED ENTRY ELEMENTS (KOHA) | |
| Suppress in OPAC | 0 |
| Withdrawn status | Lost status | Source of classification or shelving scheme | Damaged status | Not for loan | Home library | Current library | Shelving location | Date acquired | Total Checkouts | Full call number | Barcode | Date last seen | Copy number | Price effective from | Koha item type |
|---|---|---|---|---|---|---|---|---|---|---|---|---|---|---|---|
| Dewey Decimal Classification | Virtual | Virtual | Online | 18/05/2011 | ONLINE PUBLICATION | 152964-2001 | 06/08/2019 | 1 | 06/08/2019 | Law report |